ՀՀ Գիտությունների ազգային ակադեմիայի հիմնարար գիտական գրադարան  =   Fundamental Scientific Library of NAS RA

Сочинения Корнелия Тацита : (Record no. 542073)

MARC details
000 -LEADER
fixed length control field 01586nam a2200301 a 4500
003 - CONTROL NUMBER IDENTIFIER
control field AM-YEHGA
005 - DATE AND TIME OF LATEST TRANSACTION
control field 20260403152027.0
008 - FIXED-LENGTH DATA ELEMENTS--GENERAL INFORMATION
fixed length control field 130522m18861887ru |||||r|||||001|0|rus||
040 ## - CATALOGING SOURCE
Original cataloging agency AM-YEHGA
041 1# - LANGUAGE CODE
Language code of text/sound track or separate title rus
Language code of original lat
001 - CONTROL NUMBER
control field 860925
100 1# - MAIN ENTRY--PERSONAL NAME
Personal name Тацит, Корнелий,
Dates associated with a name ок. 56-ок. 117
245 10 - TITLE STATEMENT
Title Сочинения Корнелия Тацита :
Remainder of title Т. 1-2 /
Statement of responsibility, etc. [Соч.] Корнелия Тацита ; рус. пер. с примеч. и со ст. о Таците и его сочинениях В.И. Модестова.
246 13 - VARYING FORM OF TITLE
Title proper/short title Сочинения Корнелiя Тацита
260 ## - PUBLICATION, DISTRIBUTION, ETC.
Place of publication, distribution, etc. Санкт-Петербург :
Name of publisher, distributor, etc. Изд. Л.Ф. Пантелеева,
Date of publication, distribution, etc. 1886-1887.
300 ## - PHYSICAL DESCRIPTION
Extent Том ;
Dimensions 22 см.
504 ## - BIBLIOGRAPHY, ETC. NOTE
Bibliography, etc. note Библиогр. в подстроч. примеч.
505 00 - FORMATTED CONTENTS NOTE
Miscellaneous information Т. 1 (1886, XX, 377 с.) :
Title Агрикола. Германия. Истории
505 00 - FORMATTED CONTENTS NOTE
Miscellaneous information Т. 2 (1886, IV, 577 с.) :
Title Летопись. Разговор об ораторах
650 14 - SUBJECT ADDED ENTRY--TOPICAL TERM
Topical term or geographic name entry element История
650 14 - SUBJECT ADDED ENTRY--TOPICAL TERM
Topical term or geographic name entry element Всемирная история
General subdivision Древний мир
650 14 - SUBJECT ADDED ENTRY--TOPICAL TERM
Topical term or geographic name entry element Античный мир
Geographic subdivision Древний Рим и Италия
650 14 - SUBJECT ADDED ENTRY--TOPICAL TERM
Topical term or geographic name entry element Римская империя (31 г. до н.э. - 476 г.)
General subdivision Источники
-- Сочинения античных авторов
650 14 - SUBJECT ADDED ENTRY--TOPICAL TERM
Topical term or geographic name entry element Античная литература
650 14 - SUBJECT ADDED ENTRY--TOPICAL TERM
Topical term or geographic name entry element Римская литература
Chronological subdivision 1-5 вв. н. э.
700 1# - ADDED ENTRY--PERSONAL NAME
Personal name Модестов, Василий Иванович,
Relator term пер.
Relationship trl
Dates associated with a name 1839-1907
942 ## - ADDED ENTRY ELEMENTS (KOHA)
Source of classification or shelving scheme Universal Decimal Classification
Koha item type Գրքեր / Books
Holdings
Withdrawn status Lost status Damaged status Not for loan Collection Home library Current library Date acquired Serial enumeration / chronology Total checkouts Full call number Barcode Date last seen Price effective from Koha item type Public note
        Kusikian Individual Collection Fundamental Scientific Library Fundamental Scientific Library 27/03/2026 Т. 1   Кус/6727 FL0704287 27/03/2026 27/03/2026 Գրքեր / Books ILL Non-Circ.
        Kusikian Individual Collection Fundamental Scientific Library Fundamental Scientific Library 27/03/2026 Т. 2   Кус/6728 FL0704288 27/03/2026 27/03/2026 Գրքեր / Books ILL Non-Circ.


ՀՀ ԳԱԱ հիմնարար գիտական գրադարան
ՀՀ,Երևան 0019
Մարշալ Բաղրամյան 24/6
հեռախոս:(374-10) 52-47-50
Հետադարձ կապ

All site content, except where otherwise noted, is licensed under a
Creative Commons License